00624nam a22001937a 450000500170000001000150001702000270003203500130005903700130007210000260008524500820011125000120019326000310020527000800023630000300031650000270034670000330037370000240040620130711113310.0 aENG-107942 c1995.00a9788180388590 aEN-91475 bDBAD/PUB aRanchhoddas, Ratanlal00aThe law of torts /cby Ratanlal Ranchhoddas [and] Dhirajlal Keshavlal Thakore a26th ed aGurgaonbLexis Nexisc2013 a14th Floor, Bldg. No.10, Tower-B, DLF Cyber City, Phase-IIbGurgaone122002 aclxxxviii,899p.c26cm(Hb) aIncludes subject index aThakore, Dhirajlal Keshavlal aGuru Prasanna Singh